Ekipa Friza - Statystyki

Ogólne statystyki
  • Ten quiz został rozwiązany 2 100 razy
  • Średni wynik to 9 z 10
Statystyki odpowiedzi
Hint Odpowiedź % Poprawnych
1 Friz
100%
2 Tromba
98%
7 Wersow
98%
3 Mini majk
96%
8 Marta / Murcix
95%
6 Wujek Łuki
93%
5 Mixer
87%
9 Kasia / Fusialka
85%
4 Poczciwy Krzychu
79%
10 Patecki
73%
Nie znaleziono quizów pasujących do podanych kryteriów
Rozkład punktacji
Procent ludzi z każdym wynikiem
Percentyl według liczby udzielonych odpowiedzi
Twoja historia wyników
Nie rozwiązałeś tego quizu